| 000 | 00790nam a22002537a 4500 | ||
|---|---|---|---|
| 003 | dpl | ||
| 005 | 20180823154351.0 | ||
| 008 | 180823b xxu||||| |||| 00| 0 eng d | ||
| 010 | _aB-094118 | ||
| 020 |
_c450.00 _a8176567434 |
||
| 035 | _aB-094118, B-094127 | ||
| 037 | _bCen Lib/Ret | ||
| 040 |
_aDPL _bEN _c0 |
||
| 082 |
_a005.3 _bMAS |
||
| 245 |
_aMastering : _cby Matt Riggsby...[et al] _blotus notes and domino 6 / |
||
| 260 |
_aNew Delhi _bBPB Publications _c2003 |
||
| 270 |
_bNew Delhi _aB-14, connaught place _e110001 |
||
| 300 |
_axxvi, 772p. _c23cm(pbk) |
||
| 500 | _aIncludes appendix and index | ||
| 650 |
_aComputer science _974074 |
||
| 650 |
_aApplication software _921457 |
||
| 700 |
_aRiggsby, Matt _974075 |
||
| 942 |
_2ddc _cEN _h005.3 _mMAS |
||
| 999 |
_c134886 _d134886 |
||